[Event "FRA-chT3 Gr8 0102"]
[Site "France"]
[Date "2002.01.20"]
[Round "5"]
[White "Barj, Julien"]
[Black "Magnan, Fabrice"]
[Result "1-0"]
[WhiteElo "2032"]
[BlackElo "2040"]
[PlyCount "83"]
[EventDate "2001.10.??"]
[EventType "team"]
[EventRounds "9"]
[EventCountry "FRA"]
[SourceTitle "EXT 2005"]
[Source "ChessBase"]
[SourceDate "2004.11.15"]
[SourceVersion "1"]
[SourceVersionDate "2004.11.15"]
[SourceQuality "1"]

1. e4 c5 2. Nf3 d6 3. d4 cxd4 4. Nxd4 Nf6 5. Nc3 e6 6. Be2 Be7 7. Be3 Nbd7 8. Qd2 a6 9. a4 Qc7 10. a5 b6 11. axb6 Nxb6 12. 0-0 Bb7 13. f3 0-0 14. Na4 Nfd7 15. Qa5 Nd5 16. Qxc7 Nxc7 17. Nb3 Bc6 18. Nb6 Nxb6 19. Bxb6 Nb5 20. c4 Rfb8 21. cxb5 Rxb6 22. bxc6 Rxb3 23. Bxa6 Bd8 24. Bc4 Rbb8 25. b4 Kf8 26. b5 Bb6+ 27. Kh1 Ke7 28. h3 g6 29. f4 f5 30. exf5 d5 31. Bb3 gxf5 32. g4 fxg4 33. hxg4 Rxa1 34. Rxa1 Bc7 35. Ra7 Kd6 36. Rb7 Rxb7 37. cxb7 Kc5 38. f5 exf5 39. gxf5 Bd6 40. f6 Kb6 41. Bxd5 Kc7 42. f7 1-0